| 000 | 01428cam a22003131i 4500 | ||
|---|---|---|---|
| 003 | SA-RiAUC | ||
| 005 | 20241202134721.0 | ||
| 008 | 241130s2006 ua g 000 0 ara c | ||
| 040 |
_aOM-SnSCC _bara _cSA-RiAUC _erda |
||
| 082 | 0 | 4 |
_a237.3 _qSA-RiAUC |
| 090 |
_a237.3 _bح ل و |
||
| 100 | 1 |
_aحلواني، حنفي محمود _eمؤلف. |
|
| 245 | 1 | 0 |
_aكشف الغمة بدعاء القرآن والسنة وبالصلاة على سيد الأمة / _cحنفي محمود حلواني ؛ تقديم رمضان أحمد عبد ربه ؛ راجعه سعيد أبو الإسعاد. |
| 264 | 1 |
_a[مكان النشر غير محدد] : _b[الناشر غير محدد]، _c2006 |
|
| 264 | 3 |
_aالقاهرة : _bشركة الفتح للطباعة |
|
| 300 | _a295 صفحة | ||
| 336 |
_aنص _btxt _2rdacontent _3كتاب |
||
| 337 |
_aبدون وسيط _bn _2rdamedia |
||
| 338 |
_aمجلد _bnc _2rdacarrier |
||
| 650 | 2 | 7 |
_aالأدعية والأوراد في القرآن _2aucsh |
| 650 | 7 |
_aالحديث _xجوامع الفنون _2aucsh |
|
| 650 | 7 |
_aالأدعية والأوراد في القرآن _2aucsh |
|
| 650 | 7 |
_aالأدعية والأوراد في الحديث _2aucsh |
|
| 700 | 1 |
_aعصفور، رمضان أحمد عبد ربه _eمقدم. |
|
| 700 | 1 |
_aأبو الإسعاد، سعيد _eمراجع. |
|
| 730 | 2 | 2 | _aالقرآن |
| 942 |
_2ddc _cBOOK _n0 |
||
| 949 |
_aSA-JeALM _d241130 _umohamedma123 _n1 |
||
| 999 |
_c2936 _d2936 |
||